| 000 | 00745nam a22002297a 4500 | ||
|---|---|---|---|
| 999 |
_c1378 _d1378 |
||
| 003 | CoMeUDC | ||
| 005 | 20210621164045.0 | ||
| 008 | 210621b ||||| |||| 00| 0 eng d | ||
| 020 | _a9580407347 | ||
| 040 | _cCO-UdeCO | ||
| 082 |
_a158.1 _bB739 |
||
| 100 |
_91713 _aBorysenko, Joan |
||
| 245 |
_aComo alcanzar el bienestar físico y emocional mediante el poder de la mente / _cJoan Borysenko. |
||
| 260 |
_aBogotá : _bEditorial norma, _c1988. |
||
| 300 |
_a228 p. : _c23 cm. |
||
| 490 | _aSerie Norma Autoayuda | ||
| 500 | _aDirectora de la Clínica para la Mente y el Cuerpo. Facultad de Medicina de Harvard. | ||
| 650 | 0 |
_91714 _aAutoayuda |
|
| 650 | 0 |
_91715 _aPoder de la mente |
|
| 650 | 0 |
_91716 _aSalud mental |
|
| 942 |
_2ddc _cBK |
||